| 000 | 00901cad a22002055a 4500 | ||
|---|---|---|---|
| 001 | E154733 | ||
| 008 | 120117s2011 xxk f 000 0 eng d | ||
| 035 | _a(Sirsi) u154733 | ||
| 041 | 0 | _aeng | |
| 100 | 1 | _aRowe, Frances | |
| 245 | 0 | 0 |
_aRural policy in Scotland and England _ba comparative perspective _h[electronic resource] |
| 260 |
_a[Scotland] _bSAC _c2011 |
||
| 520 | _aLooks at OECD rural policy reviews in England and Scotland and how their findings relate to the OECD's New Rural Paradigm. Discusses what these reports mean for rural communities in England and Scotland, and assesses the possible direction of future policy in the two countries. | ||
| 590 | _aKA | ||
| 651 | 4 |
_aEngland _y886- |
|
| 651 | 4 |
_aScotland _y1999- |
|
| 690 |
_aRural _96268 |
||
| 856 | 4 | 0 |
_uhttps://www.sac.ac.uk/mainrep/pdfs/ruralpolicyengandscot.pdf _zView the report free of charge at www.sac.ac.uk |
| 942 | _n0 | ||
| 999 |
_c113121 _d113121 |
||